| 000 | 00547nam a2200169Ia 4500 | ||
|---|---|---|---|
| 008 | 090201s9999 xx 000 0 und d | ||
| 010 | _aKPL-65053 | ||
| 040 | _bमराठी | ||
| 041 | _aमराठी | ||
| 082 |
_a10768 _b65053 |
||
| 100 | _aअरुण शेवते | ||
| 245 |
_aस्मरण साहेबांचे _cअरुण शेवते |
||
| 260 |
_c2004 _bअक्षरधन प्रकाशन |
||
| 300 |
_a112 _bमोठा |
||
| 600 | _aस्मरण साहेबांचे | ||
| 942 | _cBOOK | ||
| 999 |
_c211199 _d211199 |
||